书目信息 |
| 题名: |
药用辅料薄膜包衣预混剂生产和应用
|
|
| 作者: | 胡崇茂 编著 | |
| 分册: | ||
| 出版信息: | 北京 中国医药科技出版社 2014 |
|
| 页数: | 511页 | |
| 开本: | 24cm | |
| 丛书名: | ||
| 单 册: | ||
| 中图分类: | TQ460.4 | |
| 科图分类: | ||
| 主题词: | 药物--薄膜包衣片--辅助材料 | |
| 电子资源: | ||
| ISBN: | 978-7-5067-6764-4 | |
| 000 | 01327nam 2200241 450 | |
| 001 | 0400001454 | |
| 005 | 20171018140128.0 | |
| 010 | @a978-7-5067-6764-4@b精装@dCNY80.00 | |
| 100 | @a20140727e20172014em y0chiy50 ea | |
| 101 | 0 | @achi |
| 102 | @aCN@b110000 | |
| 105 | @ay z 000yy | |
| 106 | @ar | |
| 200 | 1 | @a药用辅料薄膜包衣预混剂生产和应用@9yao yong fu liao bo mo bao yi yu hun ji sheng chan he ying yong@f胡崇茂编著 |
| 210 | @a北京@c中国医药科技出版社@d2014@h2017.3 | |
| 215 | @a511页@d24cm | |
| 330 | @a本书共分为五章。第一章介绍了药物制剂包衣的目的,薄膜包衣预混剂使用特点及分类,薄膜包衣预混剂的国内外研究应用情况;第二章介绍药用薄膜包衣预混剂常用的组成材料;第三章为药用薄膜包衣预混剂生产技术管理;第四章为药用薄膜包衣预混剂质量控制,重点介绍了薄膜包衣预混剂生产用原材料、中间产品和成品的质量标准,检验方法,以及检验用主要仪器设备;第五章为药用薄膜包衣预混剂应用,重点阐述了各类型薄膜包衣预混剂在中药、化药制剂中的应用方法,基础配方和注意事项,薄膜包衣过程中常出现的问题及预防解决措施。附录介绍我国关于药用辅料的相关法律法规。 | |
| 510 | 1 | @aProduction and application of a pharmaceutical excipient-thin film coating@zeng |
| 606 | 0 | @a药物@x薄膜包衣片@x辅助材料 |
| 690 | @aTQ460.4@v5 | |
| 701 | 0 | @a胡崇茂@9hu chong mao@f(1952.5-)@4编著 |
| 801 | 0 | @aCN@b91MARC@c20171018 |
| 905 | @b1025141-5@dTQ460.4@f5@e63 | |
| 药用辅料薄膜包衣预混剂生产和应用/胡崇茂编著.-北京:中国医药科技出版社,2014(2017.3) |
| 511页;24cm |
| ISBN 978-7-5067-6764-4(精装):CNY80.00 |
| 本书共分为五章。第一章介绍了药物制剂包衣的目的,薄膜包衣预混剂使用特点及分类,薄膜包衣预混剂的国内外研究应用情况;第二章介绍药用薄膜包衣预混剂常用的组成材料;第三章为药用薄膜包衣预混剂生产技术管理;第四章为药用薄膜包衣预混剂质量控制,重点介绍了薄膜包衣预混剂生产用原材料、中间产品和成品的质量标准,检验方法,以及检验用主要仪器设备;第五章为药用薄膜包衣预混剂应用,重点阐述了各类型薄膜包衣预混剂在中药、化药制剂中的应用方法,基础配方和注意事项,薄膜包衣过程中常出现的问题及预防解决措施。附录介绍我国关于药用辅料的相关法律法规。 |
| ● |
| 相关链接 |
|
|
|
|
正题名:药用辅料薄膜包衣预混剂生产和应用
索取号:TQ460.4/63
 
预约/预借
| 序号 | 登录号 | 条形码 | 馆藏地/架位号 | 状态 | 备注 |
| 1 | 1025141 | 210251412 | 第二样本阅览室/ [索取号:TQ460.4/63] | 在馆 | |
| 2 | 1025142 | 210251421 | 第三借阅区/ [索取号:TQ460.4/63] | 在馆 | |
| 3 | 1025143 | 210251430 | 第三借阅区/ [索取号:TQ460.4/63] | 在馆 | |
| 4 | 1025144 | 210251449 | 第三借阅区/ [索取号:TQ460.4/63] | 在馆 | |
| 5 | 1025145 | 210251458 | 密集书库-化学系/ [索取号:TQ460.4/63] | 在馆 |